000 00534cam a2200193ua 4500
020 _cRs 47.50
041 _aeng
_h
082 _a621.3
_bDAV/TE
100 _aDavis , Harmer E .
245 _aTesting and inspection of engineering materials /
_cHarmer E Davis.
_hTextual Documents
260 _aNew York :
_bMcGraw Hill Book Company ,
_c1950.
300 _a475 ; .
365 _aRs 47.50
504 _a
700 1 _aTroxell, George Earl .
700 1 _aWiskocil, Clement T .
942 _cBK
999 _c3261
_d3261